UK Towns Quiz - West Lothian - Scotland - Statistics

General Stats
  • This quiz has been taken 39 times
  • The average score is 13 of 19
Answer Stats
Clue Town Population % Correct
B Bathgate 22,222
100%
B Broxburn 15,418
100%
L Livingston 55,836
100%
L Linlithgow 12,517
93%
E East Calder 7,252
83%
E East Whitburn 1,172
83%
M Mild Calder 3,212
83%
W West Calder 3,407
83%
W Whitburn 11,775
83%
A Armadale 12,568
79%
B Blackburn 5,273
76%
K Kirknewton 1,765
59%
W Winchburgh 4,283
59%
F Fauldhouse 4,584
52%
A Addiewell 1,387
38%
B Blackridge 2,089
24%
P Polbeth 2,599
24%
S Stoneyburn 1,866
21%
S Seafield 1,304
17%
No matching quizzes found
Score Distribution
Percent of People with Each Score
Percentile by Number Answered
Your Score History
You have not taken this quiz